000 00762nam a2200181Ia 4500
008 100921s9999 xx 000 0 und d
082 _b29133
_a915.4792-4 थ 97
100 _aबापट वसंत.
245 _aअहा,देश कसा छान-कोकण.
260 _bसाधना प्रकाशन,पुणे.
_c1997
300 _a100
_bरसिक साहित्य,पुणे
365 _b100
520 _aप्र.स्थल वर्णन-महाराष्ट्र.
630 _aअहा,देश कसा छान-कोकण.
650 _aप्र.स्थल वर्णन-महाराष्ट्र.
730 _aअहा,देश कसा छान-कोकण.
942 _cBOOK
999 _c778246
_d778243